Loading...
| Current Events | 3 | 10.00 | 67% | 33% | 0% |
| Fine Arts - Auditory | 5 | 16.00 | 100% | 40% | 20% |
| Fine Arts - Other | 8 | 18.75 | 100% | 63% | 25% |
| Fine Arts - Visual | 12 | 23.33 | 100% | 92% | 42% |
| Geography | 7 | 15.71 | 100% | 29% | 29% |
| History - American | 8 | 18.75 | 100% | 75% | 13% |
| History - Ancient | 2 | 25.00 | 100% | 100% | 50% |
| History - Ancient/Other | 7 | 21.43 | 100% | 71% | 43% |
| History - European | 8 | 21.25 | 100% | 75% | 38% |
| History - World | 9 | 21.11 | 100% | 89% | 22% |
| Literature - American | 6 | 23.33 | 100% | 83% | 50% |
| Literature - British | 7 | 18.57 | 100% | 71% | 14% |
| Literature - European | 8 | 25.00 | 100% | 100% | 50% |
| Literature - World | 9 | 24.44 | 100% | 89% | 56% |
| Mythology | 2 | 20.00 | 100% | 50% | 50% |
| Other Academic | 6 | 23.33 | 100% | 83% | 50% |
| Philosophy | 6 | 26.67 | 100% | 100% | 67% |
| Religion | 10 | 19.00 | 90% | 80% | 20% |
| Science - Biology | 6 | 18.33 | 100% | 67% | 17% |
| Science - Chemistry | 9 | 23.33 | 100% | 89% | 44% |
| Science - Other | 10 | 18.00 | 100% | 60% | 20% |
| Science - Physics | 9 | 17.78 | 100% | 56% | 22% |
| Social Science | 11 | 20.00 | 100% | 82% | 18% |